书目信息 |
| 题名: |
建筑信息模型设计交付标准
|
|
| 作者: | 中华人民共和国住房和城乡建设部主编 ;国家市场监督管理总局批准 | |
| 分册: | ||
| 出版信息: | 北京 中国建筑工业出版社 2019.02 |
|
| 页数: | 10,77页 | |
| 开本: | 20cm | |
| 丛书名: | 中华人民共和国国家标准 | |
| 单 册: | ||
| 中图分类: | TU201.4-65 | |
| 科图分类: | ||
| 主题词: | 建筑设计 | |
| 电子资源: | ||
| ISBN: | ||
| 000 | 01321nam0 2200277 450 | |
| 001 | 2352634788 | |
| 005 | 20230619160612.10 | |
| 010 | @dCNY19.00 | |
| 091 | @a15112·32368 | |
| 100 | @a20201103d2019 km y0chiy0120 ea | |
| 101 | 0 | @achi |
| 102 | @aCN@b110000 | |
| 200 | 1 | @a建筑信息模型设计交付标准@AJian Zhu Xin Xi Mo Xing She Ji Jiao Fu Biao Zhun@eGB/T 51301-2018@f中华人民共和国住房和城乡建设部主编,国家市场监督管理总局批准@FZhong Hua Ren Min Gong He Guo Zhu Fang He Cheng Xiang Jian She Bu Zhu Bian,Guo Jia Shi Chang Jian Du Guan Li Zong Ju Pi Zhun |
| 210 | @a北京@c中国建筑工业出版社@d2019.02 | |
| 215 | @a10,77页@d20cm | |
| 225 | 2 | @a中华人民共和国国家标准 |
| 300 | @a本标准由中华人民共和国住房和城乡建设部, 国家市场监督管理总局于2018年12月26日联合发布, 2019年06月01日实施 批准部门中华人民共和国住房和城乡建设部 | |
| 410 | 0 | @12001 @a中华人民共和国国家标准 |
| 510 | 1 | @a= Standard for design delivery of building information modeling |
| 517 | 1 | @aGB/T 51301-2018 |
| 606 | 0 | @a建筑设计 |
| 690 | @aTU201.4-65@v4 | |
| 701 | 0 | @a中华人民共和国住房和城乡建设部主编@AZhong Hua Ren Min Gong He Guo Zhu Fang He Cheng Xiang Jian She Bu Zhu Bian |
| 711 | 02 | @a国家市场监督管理总局批准@AGuo Jia Shi Chang Jian Du Guan Li Zong Ju Pi Zhun |
| 801 | 0 | @aCN@b河南城建学院图书馆@c20230619 |
| 905 | @dTU201.4-65@eZ661 | |
| 建筑信息模型设计交付标准:GB/T 51301-2018/中华人民共和国住房和城乡建设部主编,国家市场监督管理总局批准.-北京:中国建筑工业出版社,2019.02 |
| 10,77页;20cm.-(中华人民共和国国家标准) |
| 本标准由中华人民共和国住房和城乡建设部, 国家市场监督管理总局于2018年12月26日联合发布, 2019年06月01日实施 批准部门中华人民共和国住房和城乡建设部 |
| ISBN :CNY19.00 |
| ● |
| 相关链接 |
|
|
|
正题名:建筑信息模型设计交付标准
索取号:TU201.4-65/Z661
 
预约/预借
| 序号 | 登录号 | 条形码 | 馆藏地/架位号 | 状态 | 备注 |
| 1 | 1506193 | 215061938 | 土木与交通工程学院资料室/ [索取号:TU201.4-65/Z661] | 在馆 | |
| 2 | 1506194 | 215061947 | 土木与交通工程学院资料室/ [索取号:TU201.4-65/Z661] | 在馆 | |
| 3 | 1506195 | 215061956 | 土木与交通工程学院资料室/ [索取号:TU201.4-65/Z661] | 在馆 | |
| 4 | 1506196 | 215061965 | 土木与交通工程学院资料室/ [索取号:TU201.4-65/Z661] | 在馆 | |
| 5 | 1506197 | 215061974 | 土木与交通工程学院资料室/ [索取号:TU201.4-65/Z661] | 在馆 | |
| 6 | 1506198 | 215061983 | 土木与交通工程学院资料室/ [索取号:TU201.4-65/Z661] | 在馆 | |
| 7 | 1506199 | 215061992 | 土木与交通工程学院资料室/ [索取号:TU201.4-65/Z661] | 在馆 | |
| 8 | 1506200 | 215062009 | 土木与交通工程学院资料室/ [索取号:TU201.4-65/Z661] | 在馆 | |
| 9 | 1506201 | 215062018 | 土木与交通工程学院资料室/ [索取号:TU201.4-65/Z661] | 在馆 | |
| 10 | 1506202 | 215062027 | 土木与交通工程学院资料室/ [索取号:TU201.4-65/Z661] | 在馆 |